Biblioteca

The next reformation (Registro nro. 44155)

Detalles MARC
000 -LÍDER
Campo fijo de descripción fija 01514nam a2200313 i 4500
001 - NÚMERO DE CONTROL
Campo de control 768714001
003 - IDENTIFICADOR DEL NÚMERO DE CONTROL
Campo de control CO-MdFUSB
005 - FECHA Y HORA DE LA ULTIMA TRANSACCIÓN
control field 20250416163324.0
008 - ELEMENTOS DE LONGITUD FIJA -- INFORMACIÓN GENERAL
Campo fijo de descripción fija -- Información general 240423t2004 -us |||| |||| 001 0deng d
020 ## - NÚMERO INTERNACIONAL NORMALIZADO PARA LIBROS
Número Internacional Normalizado del libro 0-8010-2751-9
040 ## - FUENTE DE CATALOGACIÓN
Agencia de catalogación original CO-MdFUSB
Idioma de catalogación spa
Agencia que realiza la transcripción CO-MdFUSB
Agencia que realiza la modificación CO-MdFUSB
Convenciones de la descripción rda
041 0# - CÓDIGO DE IDIOMA
Código de idioma para texto/pista de sonido o título separado eng
082 04 - NÚMERO DE CLASIFICACIÓN DECIMAL DEWEY
Número de la edición del Dewey 23
Número de clasificación 270.82
Clave de autor-Numero de item R223
100 1# - ASIENTO PRINCIPAL--NOMBRE PERSONAL
Nombre personal Raschke, Carl
Término relacionador autor
245 14 - TÍTULO
Título del Material The next reformation
Parte restante del título - Subtitulo : why evangelicals must embrace postmodernity
Mención de responsabilidad, etc. / Carl Raschke
264 #1 - PRODUCCIÓN, PUBLICACIÓN, DISTRIBUCIÓN, MANUFACTURA, Y COPYRIGHT
Nombre del productor, publicador, distribuidor Baker Academic,
Lugar de producción, publicación, distribución, manufactura Grand Rapids, Michigan, Estados Unidos :
Fecha de producción, publicación, distribución, manufactura, o copyright [2004]
264 #4 - PRODUCCIÓN, PUBLICACIÓN, DISTRIBUCIÓN, MANUFACTURA, Y COPYRIGHT
Fecha de producción, publicación, distribución, manufactura, o copyright ©2004
300 ## - DESCRIPCIÓN FÍSICA
Extensión 235 páginas
Dimensiones ;15 cm
336 ## - TIPO DE CONTENIDO
Fuente rdacontent
Término de tipo de contenido texto
Código de tipo de contenido txt
337 ## - TIPO DE MEDIO
Fuente rdamedia
Nombre del tipo de medio sin mediación
Código del tipo de medio n
338 ## - TIPO DE SOPORTE
Fuente rdacarrier
Nombre del tipo de soporte volumen
Código Tipo de soporte nc
504 ## - NOTA DE BIBLIOGRAFÍA, ETC.
Nota de bibliografía, etc Incluye índice y notas
505 ## - NOTA DE CONTENIDO
Nota de contenido con formato preestablecido La postmodernidad y la crisis del pensamiento evangélico. -- La nueva revolución francesa: Derrida y los orígenes del posmodernismo. -- La margen izquierda religiosa: orígenes del posmodernismo religioso. -- Sola fide: mas allá de las cosmovisiones. -- Solo escritura: mas allá de la inerrancia. -- El sacerdocio de todo los adoradores: de la jerarquía a la relacionalidad. -- Ministerio completamente posmoderno: avivamiento posmoderno. -- Bailando con el seño: Renovación carismática y deconstrucción de la adoración. -- El fin de la teología: La próxima reforma.
563 ## - NOTA DE ENCUADERNACIÓN
Nota de encuadernación Rústica
650 #0 - ASIENTO SECUNDARIO DE MATERIA - TERMINO TEMÁTICO
Término temático o nombre geográfico como elemento de entrada Reforma de la iglesia
9 (RLIN) 958
942 ## - TIPO DE MATERIAL (KOHA)
Tipo de Item KOHA Libros General
945 ## - INFORMACIÓN LOCAL DEL REGISTRO
Catalogador Luz Peña
Existencias
Estado de Material Estado de Perdido Forma de Clasificación Estado de Dañado No para Préstamo Colección Tomo Biblioteca de Origen Biblioteca Permanente Fecha de Adquisición Área Total de Préstamos Signatura Topográfica Código de Barras Última vez visto Ejemplar/Existencia Fecha de Remplazo Tipo de Material
    Dewey Decimal Classification     Colección General   Biblioteca FUSBC Biblioteca FUSBC 26/04/2024 MISIONES / EVANGELISMO   G 270.82 R223n 23077 12/12/2019 Ej. 1 26/01/2016 Libros General

Biblioteca FUSBC | Teléfono: (57+4) 349 88 10 Ext. 141| WhatsApp (+57) 3005338115 
E-mail: biblioteca@unisbc.edu.co | Calle 76 87-14 Robledo Palenque, Medellín, Colombia

Con tecnología Koha